[Event "DVM U12 2023"]
[Site "Magdeburg GER"]
[Date "2023.12.28"]
[Round "3"]
[White "Ramming, Moritz"]
[Black "Li, Yunqi"]
[Result "1/2-1/2"]
[Termination "normal"]
[Board "1.1"]
[WhiteElo "1629"]
[BlackElo "1667"]
[WhiteClock "00:39:58"]
[BlackClock "00:11:19"]
[WhiteTeam "SK Kelheim 1920"]
[BlackTeam "SF 59 Kornwestheim"]
[PlyCount "53"]
[WhiteFideId "34618198"]
[BlackFideId "34610618"]
[EventCountry "GER"]
[EventRounds "7"]
[EventType "team-swiss"]
[EventDate "2023.12.26"]

1. e4 {[%clk 01:30:29]} {[%emt 00:00:30]} e6 {[%clk 01:30:56]} {[%emt
00:00:05]} 2. d4 {[%clk 01:30:55]} {[%emt 00:00:04]} d5 {[%clk 01:31:22]}
{[%emt 00:00:04]} 3. Nd2 {[%clk 01:31:19]} {[%emt 00:00:06]} Nf6 {[%clk
01:31:47]} {[%emt 00:00:04]} 4. e5 {[%clk 01:31:43]} {[%emt 00:00:06]} Nfd7
{[%clk 01:32:13]} {[%emt 00:00:04]} 5. Bd3 {[%clk 01:31:48]} {[%emt 00:00:25]}
c5 {[%clk 01:32:37]} {[%emt 00:00:06]} 6. c3 {[%clk 01:32:14]} {[%emt
00:00:04]} Nc6 {[%clk 01:33:05]} {[%emt 00:00:03]} 7. Ne2 {[%clk 01:32:34]}
{[%emt 00:00:10]} cxd4 {[%clk 01:33:29]} {[%emt 00:00:05]} 8. cxd4 {[%clk
01:32:55]} {[%emt 00:00:08]} f6 {[%clk 01:33:55]} {[%emt 00:00:04]} 9. exf6
{[%clk 01:33:18]} {[%emt 00:00:07]} Nxf6 {[%clk 01:34:19]} {[%emt 00:00:06]}
10. Nf3 {[%clk 01:33:41]} {[%emt 00:00:07]} Bd6 {[%clk 01:34:44]} {[%emt
00:00:06]} 11. O-O {[%clk 01:34:05]} {[%emt 00:00:05]} O-O {[%clk 01:35:10]}
{[%emt 00:00:04]} 12. Bg5 {[%clk 01:34:30]} {[%emt 00:00:06]} Qb6 {[%clk
01:34:25]} {[%emt 00:01:15]} 13. b3 {[%clk 01:29:25]} {[%emt 00:05:34]} Bd7
{[%clk 01:18:46]} {[%emt 00:16:10]} 14. Bf4 {[%clk 01:22:39]} {[%emt 00:07:15]}
Bxf4 {[%clk 01:17:39]} {[%emt 00:01:36]} 15. Nxf4 {[%clk 01:19:47]} {[%emt
00:03:22]} Kh8 {[%clk 01:17:57]} {[%emt 00:00:12]} 16. Ne2 {[%clk 01:08:31]}
{[%emt 00:11:46]} Rae8 {[%clk 01:04:22]} {[%emt 00:14:06]} 17. Rc1 {[%emt
00:08:02]} e5 {[%clk 00:50:30]} {[%emt 00:14:21]} 18. dxe5 {[%clk 00:58:01]}
{[%emt 00:03:27]} Nxe5 {[%clk 00:49:34]} {[%emt 00:01:26]} 19. Nxe5 {[%clk
00:58:15]} {[%emt 00:00:17]} Rxe5 {[%clk 00:49:55]} {[%emt 00:00:09]} 20. Ng3
{[%clk 00:56:32]} {[%emt 00:02:14]} Bc6 {[%clk 00:46:20]} {[%emt 00:04:05]} 21.
Qd2 {[%clk 00:51:27]} {[%emt 00:05:34]} Ne4 {[%clk 00:27:54]} {[%emt 00:18:56]}
22. Nxe4 {[%clk 00:47:08]} {[%emt 00:04:50]} dxe4 {[%clk 00:27:40]} {[%emt
00:00:44]} 23. Bb1 {[%clk 00:46:06]} {[%emt 00:01:32]} Bb5 {[%clk 00:18:44]}
{[%emt 00:09:26]} 24. Rfe1 {[%clk 00:40:53]} {[%emt 00:05:43]} Ref5 {[%clk
00:18:32]} {[%emt 00:00:43]} 25. Qe3 {[%clk 00:40:08]} {[%emt 00:01:14]} Rxf2
{[%clk 00:10:54]} {[%emt 00:08:08]} 26. Qxb6 {[%clk 00:40:14]} {[%emt
00:00:24]} axb6 {[%clk 00:11:19]} {[%emt 00:00:05]} 27. Bxe4 {[%clk 00:39:58]}
{[%emt 00:00:47]} 1/2-1/2

[Event "DVM U12 2023"]
[Site "Magdeburg GER"]
[Date "2023.12.28"]
[Round "3"]
[White "Retzlaff, Nick"]
[Black "Sitnik, Arthur"]
[Result "0-1"]
[Termination "normal"]
[Board "1.2"]
[WhiteElo "1527"]
[BlackElo "1386"]
[WhiteClock "00:58:28"]
[BlackClock "01:06:15"]
[WhiteTeam "SF 59 Kornwestheim"]
[BlackTeam "SK Kelheim 1920"]
[PlyCount "51"]
[WhiteFideId "34610367"]
[BlackFideId "34608150"]
[EventCountry "GER"]
[EventRounds "7"]
[EventType "team-swiss"]
[EventDate "2023.12.26"]

1. e4 {[%clk 01:30:58]} {[%emt 00:00:02]} e5 {[%clk 01:30:57]} {[%emt
00:00:03]} 2. Nf3 {[%clk 01:31:24]} {[%emt 00:00:04]} Nc6 {[%clk 01:31:24]}
{[%emt 00:00:03]} 3. d4 {[%clk 01:31:49]} {[%emt 00:00:05]} exd4 {[%clk
01:31:51]} {[%emt 00:00:04]} 4. Bc4 {[%clk 01:32:12]} {[%emt 00:00:06]} Nf6
{[%clk 01:32:18]} {[%emt 00:00:03]} 5. O-O {[%clk 01:32:31]} {[%emt 00:00:11]}
Bc5 {[%clk 01:32:17]} {[%emt 00:00:32]} 6. e5 {[%clk 01:31:38]} {[%emt
00:01:22]} d5 {[%clk 01:30:41]} {[%emt 00:02:06]} 7. Bb5 {[%clk 01:31:45]}
{[%emt 00:00:23]} Ne4 {[%clk 01:30:43]} {[%emt 00:00:28]} 8. Nxd4 {[%clk
01:31:37]} {[%emt 00:00:38]} Bd7 {[%clk 01:28:24]} {[%emt 00:02:49]} 9. Bxc6
{[%clk 01:28:26]} {[%emt 00:03:41]} bxc6 {[%clk 01:28:30]} {[%emt 00:00:25]}
10. f3 {[%clk 01:26:08]} {[%emt 00:02:48]} Ng5 {[%clk 01:28:01]} {[%emt
00:00:59]} 11. Nc3 {[%clk 01:25:37]} {[%emt 00:01:01]} Ne6 {[%clk 01:21:05]}
{[%emt 00:07:25]} 12. Be3 {[%clk 01:22:22]} {[%emt 00:03:46]} Rb8 {[%clk
01:16:46]} {[%emt 00:04:49]} 13. Na4 {[%clk 01:16:49]} {[%emt 00:06:02]} Bxd4
{[%clk 01:05:48]} {[%emt 00:11:28]} 14. Bxd4 {[%clk 01:17:04]} {[%emt
00:00:15]} Rb4 {[%clk 01:05:37]} {[%emt 00:00:41]} 15. c3 {[%clk 01:16:52]}
{[%emt 00:00:42]} Rxa4 {[%clk 01:05:39]} {[%emt 00:00:28]} 16. Qxa4 {[%clk
01:15:52]} {[%emt 00:01:30]} c5 {[%clk 01:06:02]} {[%emt 00:00:07]} 17. Qxa7
{[%clk 01:15:52]} {[%emt 00:00:29]} cxd4 {[%clk 01:06:28]} {[%emt 00:00:05]}
18. cxd4 {[%clk 01:15:49]} {[%emt 00:00:33]} O-O {[%clk 01:06:27]} {[%emt
00:00:31]} 19. g3 {[%clk 01:04:08]} {[%emt 00:12:11]} Qb8 {[%clk 01:05:58]}
{[%emt 00:00:59]} 20. Qxb8 {[%clk 00:58:28]} {[%emt 00:06:09]} Rxb8 {[%clk
01:06:15]} {[%emt 00:00:13]} 21. b3 Nxd4 {[%clk 01:06:15]} 22. f4 Bg4 {[%clk
01:06:15]} 23. Rf2 Bf3 {[%clk 01:06:15]} 24. Rd2 c5 {[%clk 01:06:15]} 25. Kf2
Be4 {[%clk 01:06:15]} 26. Rc1 0-1

[Event "DVM U12 2023"]
[Site "Magdeburg GER"]
[Date "2023.12.28"]
[Round "3"]
[White "Neumeier, Konstantin"]
[Black "Tu, Audrey"]
[Result "1-0"]
[Termination "normal"]
[Board "1.3"]
[WhiteElo "1394"]
[BlackElo "1369"]
[WhiteClock "00:19:04"]
[BlackClock "00:13:17"]
[WhiteTeam "SK Kelheim 1920"]
[BlackTeam "SF 59 Kornwestheim"]
[PlyCount "111"]
[WhiteFideId "34608230"]
[BlackFideId "34628568"]
[EventCountry "GER"]
[EventRounds "7"]
[EventType "team-swiss"]
[EventDate "2023.12.26"]

1. e4 {[%clk 01:30:58]} {[%emt 00:00:02]} e5 {[%clk 01:30:57]} {[%emt
00:00:04]} 2. Nf3 {[%clk 01:31:03]} {[%emt 00:00:24]} Nc6 {[%clk 01:31:22]}
{[%emt 00:00:05]} 3. Nc3 {[%clk 01:31:27]} {[%emt 00:00:06]} Nf6 {[%clk
01:31:49]} {[%emt 00:00:03]} 4. a3 {[%clk 01:31:51]} {[%emt 00:00:06]} d5
{[%clk 01:32:10]} {[%emt 00:00:09]} 5. exd5 {[%clk 01:32:17]} {[%emt 00:00:04]}
Nxd5 {[%clk 01:32:28]} {[%emt 00:00:12]} 6. Bb5 {[%clk 01:32:44]} {[%emt
00:00:03]} Nxc3 {[%clk 01:32:29]} {[%emt 00:00:29]} 7. bxc3 {[%clk 01:33:08]}
{[%emt 00:00:06]} Bd6 {[%clk 01:32:29]} {[%emt 00:00:30]} 8. d4 {[%clk
01:33:23]} {[%emt 00:00:14]} exd4 {[%clk 01:32:32]} {[%emt 00:00:27]} 9. cxd4
{[%clk 01:33:52]} {[%emt 00:00:01]} O-O {[%clk 01:32:03]} {[%emt 00:00:58]} 10.
O-O {[%clk 01:34:16]} {[%emt 00:00:07]} Bg4 {[%clk 01:28:59]} {[%emt 00:03:35]}
11. c3 {[%clk 01:33:07]} {[%emt 00:01:38]} a6 {[%clk 01:22:49]} {[%emt
00:06:40]} 12. Be2 {[%clk 01:33:15]} {[%emt 00:00:22]} Re8 {[%clk 01:21:02]}
{[%emt 00:02:18]} 13. Be3 {[%clk 01:31:55]} {[%emt 00:01:50]} Qe7 {[%clk
01:15:31]} {[%emt 00:06:01]} 14. Qc2 {[%clk 01:30:45]} {[%emt 00:01:39]} h6
{[%clk 01:11:45]} {[%emt 00:04:16]} 15. Ng5 {[%clk 01:26:18]} {[%emt 00:04:57]}
Bxh2+ {[%clk 01:01:20]} {[%emt 00:10:55]} 16. Kxh2 {[%clk 01:22:33]} {[%emt
00:04:15]} Qd6+ {[%clk 01:01:13]} {[%emt 00:00:37]} 17. g3 {[%clk 01:11:49]}
{[%emt 00:11:14]} Bxe2 {[%clk 00:59:46]} {[%emt 00:01:57]} 18. Nxf7 {[%clk
01:05:40]} {[%emt 00:06:39]} Kxf7 {[%clk 00:54:37]} {[%emt 00:05:39]} 19. Qxe2
{[%clk 01:05:54]} {[%emt 00:00:15]} Rad8 {[%clk 00:51:48]} {[%emt 00:03:20]}
20. Qc4+ {[%clk 01:02:34]} {[%emt 00:03:49]} Kf8 {[%clk 00:49:29]} {[%emt
00:02:50]} 21. Bf4 {[%clk 00:54:46]} {[%emt 00:08:17]} Qd7 {[%clk 00:46:14]}
{[%emt 00:03:46]} 22. Rad1 {[%clk 00:53:55]} {[%emt 00:01:21]} Re7 {[%clk
00:41:40]} {[%emt 00:05:05]} 23. d5 {[%clk 00:49:40]} {[%emt 00:04:45]} Ne5
{[%clk 00:40:47]} {[%emt 00:01:23]} 24. Qb4 {[%clk 00:45:52]} {[%emt 00:04:17]}
Ng4+ {[%clk 00:35:45]} {[%emt 00:05:33]} 25. Kg1 {[%clk 00:44:49]} {[%emt
00:01:28]} Qf5 {[%clk 00:33:41]} {[%emt 00:02:39]} 26. f3 {[%clk 00:42:03]}
{[%emt 00:03:17]} Nf6 {[%clk 00:33:20]} {[%emt 00:00:50]} 27. d6 {[%clk
00:41:16]} {[%emt 00:01:18]} cxd6 {[%emt 00:05:23]} 28. Bxd6 {[%clk 00:41:09]}
{[%emt 00:00:34]} Rxd6 {[%clk 00:27:45]} {[%emt 00:01:14]} 29. Qxd6 {[%clk
00:40:02]} {[%emt 00:01:37]} Kf7 {[%clk 00:26:45]} {[%emt 00:01:30]} 30. Rd2
{[%clk 00:30:42]} {[%emt 00:09:45]} Rd7 {[%clk 00:24:09]} {[%emt 00:03:11]} 31.
Qf4 {[%clk 00:29:47]} {[%emt 00:01:22]} Qc5+ {[%clk 00:23:18]} {[%emt
00:01:24]} 32. Kg2 {[%clk 00:29:23]} {[%emt 00:00:52]} Re7 {[%clk 00:17:34]}
{[%emt 00:06:16]} 33. Qb4 {[%clk 00:25:10]} {[%emt 00:04:44]} Qe3 {[%clk
00:16:46]} {[%emt 00:01:18]} 34. Rff2 {[%clk 00:24:24]} {[%emt 00:01:16]} Rc7
{[%clk 00:14:39]} {[%emt 00:02:37]} 35. c4 {[%clk 00:16:57]} {[%emt 00:07:57]}
Nd7 {[%clk 00:11:55]} {[%emt 00:03:13]} 36. Rfe2 {[%clk 00:16:59]} {[%emt
00:00:30]} Qg5 {[%clk 00:11:23]} {[%emt 00:01:02]} 37. Qd6 {[%clk 00:16:23]}
{[%emt 00:01:05]} Qc5 {[%clk 00:11:17]} {[%emt 00:00:31]} 38. Re7+ {[%clk
00:16:19]} {[%emt 00:00:39]} Kg8 {[%clk 00:09:12]} {[%emt 00:02:35]} 39. Qxc5
{[%clk 00:14:18]} {[%emt 00:02:29]} Rxc5 {[%clk 00:09:27]} {[%emt 00:00:17]}
40. Rdxd7 {[%clk 00:14:25]} {[%emt 00:00:22]} Rxc4 {[%clk 00:09:41]} {[%emt
00:00:17]} 41. Rxg7+ {[%clk 00:14:38]} {[%emt 00:00:17]} Kf8 {[%clk 00:09:56]}
{[%emt 00:00:15]} 42. Rdf7+ {[%clk 00:14:45]} {[%emt 00:00:21]} Ke8 {[%clk
00:10:17]} {[%emt 00:00:11]} 43. Rxb7 {[%clk 00:14:52]} {[%emt 00:00:23]} Kf8
{[%clk 00:10:01]} {[%emt 00:00:46]} 44. Rgc7 {[%clk 00:14:46]} {[%emt
00:00:34]} Rxc7 {[%clk 00:09:52]} {[%emt 00:00:41]} 45. Rxc7 {[%clk 00:15:10]}
{[%emt 00:00:06]} a5 {[%clk 00:10:11]} {[%emt 00:00:11]} 46. Kh3 {[%clk
00:15:23]} {[%emt 00:00:15]} a4 {[%clk 00:10:35]} {[%emt 00:00:08]} 47. Kg4
{[%clk 00:15:42]} {[%emt 00:00:09]} h5+ {[%clk 00:10:55]} {[%emt 00:00:11]} 48.
Kxh5 {[%clk 00:16:04]} {[%emt 00:00:08]} Ke8 {[%clk 00:10:59]} {[%emt
00:00:26]} 49. Kg6 {[%clk 00:16:23]} {[%emt 00:00:09]} Kd8 {[%clk 00:11:16]}
{[%emt 00:00:15]} 50. Rh7 {[%clk 00:16:41]} {[%emt 00:00:10]} Ke8 {[%clk
00:11:22]} {[%emt 00:00:26]} 51. Kf6 {[%clk 00:17:00]} {[%emt 00:00:11]} Kd8
{[%clk 00:11:45]} {[%emt 00:00:07]} 52. Ke6 {[%clk 00:17:25]} {[%emt 00:00:05]}
Kc8 {[%clk 00:12:12]} {[%emt 00:00:04]} 53. Kd6 {[%clk 00:17:48]} {[%emt
00:00:06]} Kb8 {[%clk 00:12:34]} {[%emt 00:00:08]} 54. Kc6 {[%clk 00:18:14]}
{[%emt 00:00:05]} Ka8 {[%clk 00:12:59]} {[%emt 00:00:05]} 55. Kb6 {[%clk
00:18:39]} {[%emt 00:00:05]} Kb8 {[%clk 00:13:17]} {[%emt 00:00:11]} 56. Rh8#
{[%clk 00:19:04]} {[%emt 00:00:05]} 1-0

[Event "DVM U12 2023"]
[Site "Magdeburg GER"]
[Date "2023.12.28"]
[Round "3"]
[White "Kovalskyy, Alicia"]
[Black "Nguyen, Thanh An"]
[Result "0-1"]
[Termination "normal"]
[Board "2.1"]
[WhiteElo "1577"]
[BlackElo "1577"]
[WhiteClock "00:10:11"]
[BlackClock "00:38:32"]
[WhiteTeam "Düsseldorfer SV 1854"]
[BlackTeam "SV Dresden-Striesen 1990"]
[PlyCount "90"]
[WhiteFideId "34612130"]
[BlackFideId "34627804"]
[EventCountry "GER"]
[EventRounds "7"]
[EventType "team-swiss"]
[EventDate "2023.12.26"]

1. e4 {[%clk 01:30:58]} c6 {[%clk 01:30:56]} {[%emt 00:00:05]} 2. d4 {[%clk
01:31:24]} {[%emt 00:00:04]} d5 {[%clk 01:31:22]} {[%emt 00:00:04]} 3. exd5
{[%clk 01:31:44]} {[%emt 00:00:10]} cxd5 {[%emt 00:00:07]} 4. Bd3 {[%clk
01:32:10]} {[%emt 00:00:03]} Nc6 {[%clk 01:32:10]} {[%emt 00:00:06]} 5. c3
{[%clk 01:32:36]} {[%emt 00:00:04]} Nf6 {[%clk 01:32:35]} {[%emt 00:00:05]} 6.
Bf4 {[%clk 01:32:49]} {[%emt 00:00:16]} Bg4 {[%clk 01:32:49]} {[%emt 00:00:16]}
7. Qb3 {[%clk 01:33:14]} {[%emt 00:00:05]} Qd7 {[%clk 01:32:11]} {[%emt
00:01:07]} 8. Nd2 {[%clk 01:32:49]} {[%emt 00:00:57]} e6 {[%clk 01:32:01]}
{[%emt 00:00:40]} 9. Ngf3 {[%clk 01:33:17]} {[%emt 00:00:02]} Bxf3 {[%clk
01:24:55]} {[%emt 00:07:36]} 10. Nxf3 {[%clk 01:33:03]} {[%emt 00:00:43]} a6
{[%clk 01:25:10]} {[%emt 00:00:16]} 11. O-O {[%clk 01:29:39]} {[%emt 00:03:54]}
Be7 {[%clk 01:18:45]} {[%emt 00:06:54]} 12. a4 {[%clk 01:19:08]} {[%emt
00:11:02]} O-O {[%clk 01:17:51]} {[%emt 00:01:24]} 13. Qc2 {[%clk 01:16:32]}
{[%emt 00:03:06]} Rac8 {[%clk 01:17:28]} {[%emt 00:00:53]} 14. Ne5 {[%clk
01:15:20]} {[%emt 00:01:42]} Qe8 {[%emt 00:01:06]} 15. Qe2 {[%clk 01:13:43]}
{[%emt 00:01:59]} Qd8 {[%clk 01:01:02]} {[%emt 00:16:28]} 16. Bc2 {[%clk
01:10:08]} {[%emt 00:04:04]} Bd6 {[%clk 00:47:33]} {[%emt 00:14:00]} 17. Qd3
{[%clk 01:08:18]} {[%emt 00:02:19]} Ne7 {[%clk 00:46:32]} {[%emt 00:01:32]} 18.
Ng4 {[%clk 00:54:28]} {[%emt 00:14:19]} Ng6 {[%clk 00:46:34]} {[%emt 00:00:28]}
19. Nxf6+ {[%clk 00:53:43]} {[%emt 00:01:15]} gxf6 {[%clk 00:46:57]} {[%emt
00:00:07]} 20. Bh6 {[%clk 00:53:46]} {[%emt 00:00:26]} Re8 {[%clk 00:47:08]}
{[%emt 00:00:20]} 21. g4 {[%clk 00:52:23]} {[%emt 00:01:53]} Qc7 {[%clk
00:46:54]} {[%emt 00:00:42]} 22. h4 {[%clk 00:52:01]} {[%emt 00:00:54]} Bf4
{[%clk 00:45:51]} {[%emt 00:01:32]} 23. Bxf4 {[%clk 00:38:55]} {[%emt
00:13:36]} Qxf4 {[%clk 00:46:11]} {[%emt 00:00:12]} 24. Qg3 {[%clk 00:33:44]}
{[%emt 00:05:38]} Qh6 {[%clk 00:41:29]} {[%emt 00:05:14]} 25. Bxg6 {[%clk
00:30:26]} {[%emt 00:03:48]} hxg6 {[%clk 00:40:53]} {[%emt 00:01:05]} 26. f4
{[%clk 00:29:41]} {[%emt 00:01:15]} Qh7 {[%clk 00:39:16]} {[%emt 00:02:07]} 27.
Rae1 {[%clk 00:28:20]} {[%emt 00:01:51]} Kh8 {[%clk 00:38:23]} {[%emt
00:01:24]} 28. Re2 {[%clk 00:27:36]} {[%emt 00:01:11]} Rg8 {[%clk 00:37:30]}
{[%emt 00:01:26]} 29. Rh2 {[%clk 00:27:33]} {[%emt 00:00:31]} f5 {[%clk
00:37:28]} {[%emt 00:00:34]} 30. g5 {[%clk 00:26:27]} {[%emt 00:01:36]} Qh5
{[%clk 00:37:39]} {[%emt 00:00:18]} 31. Qf3 {[%clk 00:25:58]} {[%emt 00:00:55]}
b5 {[%clk 00:37:48]} {[%emt 00:00:25]} 32. Qxh5+ {[%clk 00:24:54]} {[%emt
00:01:35]} gxh5 {[%clk 00:38:16]} {[%emt 00:00:01]} 33. axb5 {[%clk 00:23:42]}
{[%emt 00:01:42]} axb5 {[%clk 00:38:36]} {[%emt 00:00:10]} 34. Ra1 {[%clk
00:22:33]} {[%emt 00:01:39]} b4 {[%clk 00:38:48]} {[%emt 00:00:19]} 35. Rc2
{[%clk 00:21:47]} {[%emt 00:01:15]} bxc3 {[%clk 00:38:39]} {[%emt 00:00:41]}
36. bxc3 {[%clk 00:22:14]} {[%emt 00:00:03]} Rc4 {[%clk 00:39:04]} {[%emt
00:00:05]} 37. Kf2 {[%clk 00:21:25]} {[%emt 00:01:19]} Rgc8 {[%clk 00:39:28]}
{[%emt 00:00:06]} 38. Rac1 {[%clk 00:21:51]} {[%emt 00:00:04]} Kg7 {[%clk
00:39:50]} {[%emt 00:00:08]} 39. Ke3 {[%clk 00:21:56]} {[%emt 00:00:25]} f6
{[%clk 00:39:33]} {[%emt 00:00:47]} 40. Kf3 {[%clk 00:19:54]} {[%emt 00:02:31]}
Kf7 {[%clk 00:39:12]} {[%emt 00:00:51]} 41. Ke3 {[%clk 00:19:11]} {[%emt
00:01:13]} e5 {[%clk 00:38:58]} {[%emt 00:00:45]} 42. gxf6 {[%clk 00:15:39]}
{[%emt 00:04:02]} e4 {[%clk 00:37:39]} {[%emt 00:01:49]} 43. Kd2 {[%clk
00:12:27]} {[%emt 00:03:42]} Rg8 {[%clk 00:38:01]} {[%emt 00:00:08]} 44. Ke3
{[%clk 00:10:36]} {[%emt 00:02:22]} Rg3+ {[%clk 00:38:24]} {[%emt 00:00:07]}
45. Ke2 {[%clk 00:10:11]} {[%emt 00:00:52]} Rg4 {[%clk 00:38:32]} {[%emt
00:00:25]} 0-1

[Event "DVM U12 2023"]
[Site "Magdeburg GER"]
[Date "2023.12.28"]
[Round "3"]
[White "Thoms, Eric"]
[Black "Teng, David"]
[Result "1/2-1/2"]
[Termination "normal"]
[Board "2.2"]
[WhiteElo "1297"]
[BlackElo "1489"]
[WhiteClock "01:07:38"]
[BlackClock "00:20:51"]
[WhiteTeam "SV Dresden-Striesen 1990"]
[BlackTeam "Düsseldorfer SV 1854"]
[PlyCount "73"]
[WhiteFideId "34623450"]
[BlackFideId "34604570"]
[EventCountry "GER"]
[EventRounds "7"]
[EventType "team-swiss"]
[EventDate "2023.12.26"]

1. e4 {[%clk 01:30:58]} c5 {[%clk 01:30:54]} {[%emt 00:00:06]} 2. Nf3 {[%clk
01:31:24]} {[%emt 00:00:05]} e6 {[%clk 01:31:14]} {[%emt 00:00:10]} 3. d4
{[%clk 01:31:43]} {[%emt 00:00:11]} cxd4 {[%clk 01:31:17]} {[%emt 00:00:27]} 4.
Nxd4 {[%clk 01:32:05]} {[%emt 00:00:08]} a6 {[%clk 01:31:18]} {[%emt 00:00:29]}
5. c4 {[%clk 01:32:24]} {[%emt 00:00:10]} Nf6 {[%clk 01:31:21]} {[%emt
00:00:26]} 6. Nc3 {[%clk 01:32:46]} {[%emt 00:00:08]} Bb4 {[%clk 01:31:39]}
{[%emt 00:00:13]} 7. Bd3 {[%clk 01:33:06]} {[%emt 00:00:10]} Nc6 {[%clk
01:31:50]} {[%emt 00:00:19]} 8. Be3 {[%clk 01:33:12]} {[%emt 00:00:25]} O-O
{[%clk 01:30:37]} {[%emt 00:01:43]} 9. O-O {[%clk 01:33:31]} {[%emt 00:00:11]}
Qc7 {[%clk 01:30:43]} {[%emt 00:00:23]} 10. f3 {[%clk 01:31:54]} {[%emt
00:02:07]} Rd8 {[%clk 01:28:09]} {[%emt 00:03:04]} 11. Kh1 {[%clk 01:32:03]}
{[%emt 00:00:22]} Ne5 {[%clk 01:27:29]} {[%emt 00:01:11]} 12. Rc1 {[%clk
01:30:15]} {[%emt 00:02:17]} Nxc4 {[%clk 01:21:36]} {[%emt 00:06:24]} 13. Bxc4
{[%clk 01:30:35]} {[%emt 00:00:10]} Qxc4 {[%clk 01:20:45]} {[%emt 00:01:21]}
14. Nd5 {[%clk 01:28:51]} {[%emt 00:02:15]} Qxa2 {[%clk 01:17:36]} {[%emt
00:03:39]} 15. Nxb4 {[%clk 01:29:11]} {[%emt 00:00:09]} Qxb2 {[%clk 01:17:31]}
{[%emt 00:00:35]} 16. Nd3 {[%clk 01:29:15]} {[%emt 00:00:26]} Qa3 {[%clk
01:15:42]} {[%emt 00:02:19]} 17. Bg5 {[%clk 01:26:43]} {[%emt 00:03:01]} Qd6
{[%clk 01:05:00]} {[%emt 00:11:12]} 18. Nb2 {[%clk 01:20:38]} {[%emt 00:06:36]}
Qe5 {[%clk 01:03:10]} {[%emt 00:02:20]} 19. Bh4 {[%clk 01:20:00]} {[%emt
00:01:09]} d5 {[%clk 00:54:44]} {[%emt 00:08:56]} 20. Bg3 {[%clk 01:19:41]}
{[%emt 00:00:49]} Qg5 {[%clk 00:54:37]} {[%emt 00:00:36]} 21. Bc7 {[%clk
01:12:32]} {[%emt 00:07:39]} Re8 {[%clk 00:46:21]} {[%emt 00:08:47]} 22. e5
{[%clk 01:12:40]} {[%emt 00:00:22]} Nd7 {[%clk 00:46:00]} {[%emt 00:00:49]} 23.
f4 {[%clk 01:13:02]} {[%emt 00:00:09]} Qg6 {[%clk 00:44:06]} {[%emt 00:02:25]}
24. Na4 {[%clk 01:11:34]} {[%emt 00:01:59]} Qe4 {[%clk 00:38:43]} {[%emt
00:05:53]} 25. Nb6 {[%clk 01:10:41]} {[%emt 00:01:22]} Nxb6 {[%clk 00:37:52]}
{[%emt 00:01:21]} 26. Bxb6 {[%clk 01:11:02]} {[%emt 00:00:09]} Bd7 {[%clk
00:38:15]} {[%emt 00:00:07]} 27. Rc7 {[%clk 01:10:41]} {[%emt 00:00:50]} Bb5
{[%clk 00:37:20]} {[%emt 00:01:25]} 28. Nxb5 {[%clk 01:11:02]} {[%emt
00:00:09]} axb5 {[%clk 00:37:43]} {[%emt 00:00:08]} 29. Rxb7 {[%clk 01:11:00]}
{[%emt 00:00:31]} Ra3 {[%clk 00:32:14]} {[%emt 00:05:59]} 30. Qc1 {[%clk
01:09:20]} {[%emt 00:02:11]} Ra2 {[%clk 00:31:43]} {[%emt 00:01:01]} 31. Rg1
{[%clk 01:08:38]} {[%emt 00:01:12]} Rc2 {[%clk 00:30:41]} {[%emt 00:01:32]} 32.
Qa3 {[%clk 01:08:13]} {[%emt 00:00:55]} d4 {[%clk 00:27:03]} {[%emt 00:04:09]}
33. Qe7 {[%clk 01:08:02]} {[%emt 00:00:41]} Rf8 {[%clk 00:23:08]} {[%emt
00:04:24]} 34. Rd7 {[%clk 01:08:21]} {[%emt 00:00:11]} Rxg2 {[%clk 00:20:10]}
{[%emt 00:03:29]} 35. Rxg2 {[%clk 01:07:18]} {[%emt 00:01:33]} Qe1+ {[%clk
00:20:27]} {[%emt 00:00:12]} 36. Rg1 {[%clk 01:07:38]} {[%emt 00:00:11]} Qe4+
{[%clk 00:20:51]} {[%emt 00:00:05]} 1/2-1/2